000 00441nam a22001457a 4500
008 150327b xxu||||| |||| 00| 0 eng d
020 _a9789962057055
082 _a720.728.7
_bM 765a
100 _aMontañez, Darien
_92331
245 _aLa arquitectura Feoclasica Panameña
_cMontañez, Darien
260 _aPanama
_c2011
300 _a43 p.
_bill. (col)
_c15 cm.
650 _xArquitectura clasica
_zPanama
_92332
700 _aDarien Montañez
_92333
999 _c495
_d495